000 00684nam a22002057a 4500
005 20150428113344.0
010 _aENG-112316
020 _a9781138795730
_c850.00
035 _aEN-95848
037 _bDBAD/PUB
082 _a355.02170954
100 _aRajagopalan, Rajesh
245 _aNuclear South Asia :
_cby Rajesh Rajagopalan [and] Atul Mishra
_bkeywords and concepts /
260 _aNew Delhi
_bRoutledge
_c2014
270 _a912,Tolstoy House, 15-17 Tolstoy Marg, Connaught Place
_bNew Delhi
_e110001
300 _axix,305p.
_c22cm(Hb)
500 _aIncludes bibliographical references
700 _aMishra, Atul
942 _2ddc
_cEN
_mRAJ
_h355.02170954
999 _c92000
_d92000